000
002320000a22000970004500
100
1
_a
Miller, Randy
245
1
0
_a
Tending the sick in Thailand's villages
300
_a
Núm 47 (1995), Páginas 7-10
773
0
_t
Together
942
_c
ANA
999
_c
57207
_d
57207